Catálogo público

Environmental science : (Record no. 200563)

MARC details
000 -CABECERA
campo de control de longitud fija 00783nam a2200289Ia 4500
001 - NÚMERO DE CONTROL
campo de control Para_1956
003 - IDENTIFICADOR DEL NÚMERO DE CONTROL
campo de control CHAP
008 - DATOS DE LONGITUD FIJA--INFORMACIÓN GENERAL
campo de control de longitud fija 220125s1996 xx 000 0 und d
010 ## - NÚMERO DE CONTROL DE LA BIBLIOTECA DEL CONGRESO
Número de control de LC 200563
040 ## - FUENTE DE LA CATALOGACIÓN
Centro/agencia transcriptor CHAP
082 ## - NÚMERO DE LA CLASIFICACIÓN DECIMAL DEWEY
Número de clasificación PA 574.5 B4
100 ## - ENTRADA PRINCIPAL--NOMBRE DE PERSONA
Nombre de persona Nebel, Bernard J.
9 (RLIN) 165428
245 ## - MENCIÓN DE TÍTULO
Título Environmental science :
Resto del título the way the worlds works /
Mención de responsabilidad, etc. by Bernard J. Nebel and Richard T. Wright
250 ## - MENCIÓN DE EDICIÓN
Mención de edición 5a.
260 ## - PUBLICACIÓN, DISTRIBUCIÓN, ETC.
Lugar de publicación, distribución, etc. New Jersey :
Nombre del editor, distribuidor, etc. Prentice Hall
300 ## - DESCRIPCIÓN FÍSICA
Extensión 698 p.
650 ## - PUNTO DE ACCESO ADICIONAL DE MATERIA--TÉRMINO DE MATERIA
Término de materia o nombre geográfico como elemento de entrada Ecología
9 (RLIN) 35134
650 ## - PUNTO DE ACCESO ADICIONAL DE MATERIA--TÉRMINO DE MATERIA
Término de materia o nombre geográfico como elemento de entrada Ecosistemas
9 (RLIN) 138323
700 ## - PUNTO DE ACCESO ADICIONAL--NOMBRE DE PERSONA
Nombre de persona Wright, Richard T.
9 (RLIN) 165429
901 ## - ELEMENTOS DE DATOS A LOCAL LDA (RLIN)
a PA 574.5 B4
902 ## - ELEMENTOS DE DATOS B LOCAL, LDB (RLIN)
a A
905 ## - ELEMENTOS DE DATOS E LOCAL, LDE (RLIN)
a 0000001996 a 0000000000 00
910 ## - DATOS DE OPCIÓN DEL USUARIO (OCLC)
Datos de opción del usuario 1996
942 ## - ELEMENTOS DE PUNTO DE ACCESO ADICIONAL (KOHA)
Tipo de ítem Koha Parasitologia_
942 ## - ELEMENTOS DE PUNTO DE ACCESO ADICIONAL (KOHA)
Tipo de ítem Koha Parasitologia_
-- 1
Holdings
Estado de retiro Estado de pérdida Fuente del sistema de clasificación o colocación Estado dañado Restricciones de uso No para préstamo Código de colección Localización permanente Ubicación/localización actual Fecha de adquisición Información codificada de la localización en otra ubicación Número de inventario Total de préstamos Signatura topográfica completa Código de barras Fecha visto por última vez Número de copia Precio válido a partir de Tipo de ítem Koha Nota pública
    Dewey Decimal Classification   Préstamo 3 días   General Parasitologia Agricola Parasitologia Agricola 27/10/2005 PARA (PA_7595) (No. UACh C/E)   PA 574.5 B4 4102000221 25/01/2022 Ej.1 25/01/2022 Libro 3